AC/DC - Highway to Hell Lyrics - Statistics

General Stats
  • This quiz has been taken 354 times
  • The average score is 24 of 32
Answer Stats
Hint Answer % Correct
I'm on the ____ to hell Highway
92%
Highway to __ Hell
91%
I'm on the ____ to hell Highway
91%
Livin' __ Free
88%
___ limit Speed
86%
Livin' __ Easy
85%
No __ signs Stop
85%
___ me be Leave
84%
My ____ are gonna be there too Friends
82%
Askin' ___ Nothin'
81%
Highway to __ Hell
80%
Highway to __ Hell
80%
I'm on the ____ to hell Highway
80%
I'm on the ____ to hell Highway
79%
__ at me Look
77%
Don't need ___ Reason
76%
Party __ Time
75%
Goin' __ Down
74%
Playin' in a ___ band Rockin'
73%
Season ___ on a one way ride Ticket
73%
Nobody's gonna __ me down Slow
72%
Ain't nothing that I'd ___ do Rather
71%
Don't __ me Stop
71%
Payin' my __ Dues
68%
Don't need ___ Rhyme
67%
I'm on the way to the ____ land Promised
66%
Nobody's gonna __ me round Mess
65%
Hey ___ Satan
63%
Takin' _____ in my stride Everythin'
62%
Gonna __ it Spin
60%
Like a ___ Wheel
49%
Hey ___ Mamma
40%
No matching quizzes found
Score Distribution
Percent of People with Each Score
Percentile by Number Answered
Your Score History
You have not taken this quiz